000 00794nam a2200253Ia 4500
008 160319s9999 xx 000 0 und d
245 _aRatatouille /
245 _cWalt Disney Pictures presents ; a Pixar Animation Studios film ; screenwriter and director, Brad Bird ; produced by Brad Lewis.More information:
260 _aBurbank, CA :
260 _bWalt Disney Classics
260 _cNA
300 _a1 videodisc (ca. 111 min.) :
300 _bsound, colored ;
300 _c4 3/4 in.
650 _aAnimated films.
650 _aCooking -- France -- Paris --
650 _aParis (France) --
650 _aRats -- France -- Paris --
650 _aRestaurants -- France -- Paris --
650 _xDrama.
650 _xDrama.
650 _xDrama.
650 _xDrama.
999 _c292693
_d292693